LEADER 00881nam0-22002771i-450- 001 990003336620403321 005 20001010 035 $a000333662 035 $aFED01000333662 035 $a(Aleph)000333662FED01 035 $a000333662 100 $a20001010d--------km-y0itay50------ba 101 0 $aita 105 $ay-------001yy 200 1 $aITALIAN AND ENGLISH COMMERCIAL CORRESPONDANCE FRASEOLOGY, ALPHABETICAL LIST OF MERCHANDISE AND COMMERCIAL TERMS 210 $as.l.$cMARLBOROUGH$ds.d. 676 $a082.2 700 1$aMarchetti Giuseppe$0377270 801 0$aIT$bUNINA$gRICA$2UNIMARC 901 $aBK 912 $a990003336620403321 952 $a082.2 MAR$bLINGUE B050460$fDECLI 959 $aDECLI 996 $aITALIAN AND ENGLISH COMMERCIAL CORRESPONDANCE FRASEOLOGY, ALPHABETICAL LIST OF MERCHANDISE AND COMMERCIAL TERMS$9448404 997 $aUNINA DB $aING01 LEADER 01772nas 2200541 c 450 001 9910893218503321 005 20260218111635.0 024 7 $aurn:nbn:de:hbz:061:3-3613 035 $a(CKB)5280000000196535 035 $a(DE-599)ZDB2444867-9 035 $a(OCoLC)405904985 035 $a(DE-101)990007170 035 $a(DE-599)2444867-9 035 $a(EXLCZ)995280000000196535 100 $a20080813a20079999 |y | 101 0 $ager 135 $aur||||||||||| 181 $ctxt$2rdacontent 182 $cc$2rdamedia 183 $acr$2rdacarrier 200 00$aFinanzermittlungen$eLagebild für NRW ..$fPolizei Nordrhein-Westfalen, Landeskriminalamt 210 31$aDu?sseldorf$cLKA Nordrhein-Westfalen$d2007- 215 $aOnline-Ressource 300 $aGesehen am 20.04.2020 300 $aFru?here Jahrga?nge online nicht mehr verfu?gbar 517 $aFinanzermittlungen 517 1 $aLagebild Finanzermittlungen 517 1 $aLKA NRW - Finanzermittlungen - Lagebild fu?r NRW 606 $aVermögensdelikt$3(DE-588)4129990-5$3https://d-nb.info/gnd/4129990-5$3(DE-101)041299906$2gnd 606 $aErmittlung$3(DE-588)4070924-3$3https://d-nb.info/gnd/4070924-3$3(DE-101)040709248$2gnd 607 $aNordrhein-Westfalen$2gnd 608 $aZeitschrift$2gnd-content 608 $aBericht$2gnd-content 608 $aBericht$2gnd 608 $aOnline-Publikation$2gnd 615 7$aVermögensdelikt. 615 7$aErmittlung. 676 $a340 686 $a2$2ssgn 686 $a01$a444050$2nwbib 712 02$aNordrhein-Westfalen$bLandeskriminalamt$4isb 801 0$b0001 801 1$bDE-101 801 2$b9001 906 $aJOURNAL 912 $a9910893218503321 996 $aFinanzermittlungen$92007787 997 $aUNINA